[Event "Torino Spinelli Memorial 1st"]
[Site "Torino"]
[Date "2015.12.07"]
[Round "5"]
[White "Doromeychuk, Anton"]
[Black "Martin, Tiziano"]
[Result "1-0"]
[WhiteElo "1844"]
[BlackElo "1926"]
[PlyCount "123"]
[EventDate "2015.12.04"]
[EventType "swiss"]
[EventRounds "5"]
[EventCountry "ITA"]
[SourceTitle "EXT 2018"]
[Source "ChessBase"]
[SourceDate "2017.10.13"]
[SourceVersion "1"]
[SourceVersionDate "2017.10.13"]
[SourceQuality "1"]

1. d4 d5 2. Nf3 e6 3. c4 Nf6 4. Bg5 Nbd7 5. e3 Be7 6. Nc3 0-0 7. Bd3 dxc4 8. Bxc4 a6 9. a4 c5 10. d5 exd5 11. Nxd5 Nxd5 12. Qxd5 Qa5+ 13. Ke2 Bxg5 14. Nxg5 Nf6 15. Qe5 Bg4+ 16. f3 Bh5 17. Qc3 Qc7 18. g4 Bg6 19. h4 h6 20. h5 Bh7 21. Nh3 b5 22. axb5 axb5 23. Rxa8 Rxa8 24. Bxb5 Nd5 25. Qb3 Rb8 26. Qxd5 Rxb5 27. b3 Qb8 28. Ra1 Rb7 29. e4 Kh8 30. g5 hxg5 31. Nxg5 Bg8 32. h6 Rxb3 33. hxg7+ Kxg7 34. e5 Rb2+ 35. Ke3 Qb3+ 36. Qxb3 Rxb3+ 37. Kf4 c4 38. Ne4 Bh7 39. Rg1+ Bg6 40. Rc1 Rb4 41. Rc3 Ra4 42. Ke3 Bxe4 43. Kxe4 Kf8 44. Kd4 Ra1 45. Rxc4 Rf1 46. Ke4 Re1+ 47. Kf5 Ra1 48. Rc6 Ra3 49. f4 Ra4 50. Kg5 Re4 51. Rd6 Re1 52. Kf6 Ke8 53. Ra6 Rf1 54. f5 Rf2 55. Ra8+ Kd7 56. Rf8 Ra2 57. Rxf7+ Ke8 58. Re7+ Kd8 59. Rh7 Rf2 60. e6 Re2 61. Rh8+ Kc7 62. e7 1-0

[Event "Monte Sabotino op"]
[Site "Torino"]
[Date "2012.11.27"]
[Round "4"]
[White "Femia, Nicola"]
[Black "Doromeychuk, Anton"]
[Result "1-0"]
[WhiteElo "1826"]
[BlackElo "1775"]
[PlyCount "137"]
[EventDate "2012.11.06"]
[EventType "swiss"]
[EventRounds "7"]
[EventCountry "ITA"]
[SourceTitle "EXT 2015"]
[Source "ChessBase"]
[SourceDate "2014.11.20"]
[SourceVersion "1"]
[SourceVersionDate "2014.11.20"]
[SourceQuality "1"]

1. d4 Nf6 2. c4 d6 3. Nc3 Nbd7 4. Nf3 e5 5. dxe5 dxe5 6. e4 Bb4 7. Bg5 0-0 8. Qc2 c6 9. 0-0-0 Qa5 10. Bd2 Bxc3 11. Bxc3 Qxa2 12. Bd3 Nc5 13. Rde1 Bg4 14. Nd2 Rad8 15. Bf1 Rxd2 16. Kxd2 Rd8+ 17. Ke3 Nfxe4 18. f3 Nxc3 19. Qxc3 Be6 20. Kf2 f6 21. Be2 Nb3 22. Rd1 Nd4 23. Rd2 Rd7 24. Rc1 Qa6 25. Bf1 c5 26. b4 Qc6 27. b5 Qc7 28. Rb1 b6 29. Rdb2 e4 30. Kg1 exf3 31. gxf3 Qf4 32. Rf2 Bf5 33. Qe1 h6 34. Bg2 h5 35. Qe8+ Kh7 36. Qxh5+ Kg8 37. Qe8+ Kh7 38. Rbb2 Qg5 39. Kh1 Qh4 40. Qe1 Bh3 41. Qe4+ Qxe4 42. fxe4 Be6 43. Bf1 Bg4 44. Kg2 Re7 45. Kg3 Bh5 46. Bd3 Bg6 47. Rf4 Rd7 48. Rbf2 Bh5 49. e5+ f5 50. Bxf5+ Nxf5+ 51. Rxf5 Rd3+ 52. Kg2 Bg6 53. R5f4 Re3 54. Rh4+ Kg8 55. Rd2 Rxe5 56. Rd8+ Kf7 57. Rd7+ Re7 58. Rf4+ Ke6 59. Rd5 Bc2 60. Kg3 g6 61. h4 Bb3 62. Rg5 Bc2 63. Rf3 Rd7 64. Re3+ Kf6 65. Rg4 Rd4 66. Ra3 Bd1 67. Rxd4 cxd4 68. Rd3 Bc2 69. Rxd4 1-0

[Event "Arvier Amatori op 2nd"]
[Site "Arvier"]
[Date "2012.01.04"]
[Round "3"]
[White "Doromeychuk, Anton"]
[Black "Neubauer, Kai"]
[Result "0-1"]
[WhiteElo "1708"]
[BlackElo "2039"]
[PlyCount "44"]
[EventDate "2012.01.02"]
[EventType "swiss"]
[EventRounds "7"]
[EventCountry "ITA"]
[SourceTitle "EXT 2014"]
[Source "ChessBase"]
[SourceDate "2013.11.20"]
[SourceVersion "1"]
[SourceVersionDate "2013.11.20"]
[SourceQuality "1"]

1. c4 c5 2. g3 Nc6 3. Bg2 g6 4. e3 Bg7 5. Ne2 e5 6. Nbc3 Nge7 7. 0-0 d6 8. b3 Be6 9. Bb2 Qd7 10. Nd5 Bxd5 11. cxd5 Nb4 12. d4 Nbxd5 13. dxc5 dxc5 14. e4 Nb6 15. f4 Qxd1 16. Raxd1 0-0 17. fxe5 c4 18. Nf4 Nc6 19. Nd5 Bxe5 20. Ba3 Rfd8 21. Nf6+ Bxf6 22. Rxd8+ Bxd8 0-1

[Event "Torino Bombelli Memorial 11th"]
[Site "Torino"]
[Date "2011.09.09"]
[Round "1"]
[White "Doromeychuk, Anton"]
[Black "Guzzetti, Luigi Enrico"]
[Result "0-1"]
[WhiteElo "1614"]
[BlackElo "1955"]
[PlyCount "64"]
[EventDate "2011.09.09"]
[EventType "swiss"]
[EventRounds "5"]
[EventCountry "ITA"]
[SourceTitle "EXT 2023"]
[Source "ChessBase"]
[SourceDate "2022.10.05"]
[SourceVersion "1"]
[SourceVersionDate "2022.10.05"]
[SourceQuality "1"]

1. e4 c5 2. Nf3 e6 3. c4 Nc6 4. d4 cxd4 5. Nxd4 a6 6. Nc3 Qc7 7. Be3 Nf6 8. Be2 Be7 9. Bf3 0-0 10. 0-0 d6 11. Nxc6 bxc6 12. b4 Rd8 13. Qb3 Rb8 14. a4 d5 15. b5 d4 16. Bg5 dxc3 17. Qxc3 cxb5 18. e5 Ne4 19. Bxe4 Bxg5 20. Ra3 b4 21. Bxh7+ Kxh7 22. Qc2+ g6 23. Rh3+ Kg7 24. f4 Be7 25. Qc1 Bb7 26. f5 Qc5+ 27. Kh1 Qxe5 28. f6+ Bxf6 29. Qh6+ Kg8 30. Re3 Qg5 31. Qh3 Bxg2+ 32. Qxg2 Qxe3 0-1